| 000 | 00492nam a2200109Ia 4500 | ||
|---|---|---|---|
| 008 | 220204s9999 xx 000 0 und d | ||
| 082 |
_a581.1:635.055 _bMOH |
||
| 245 | 0 | _aImpacts of global change on tree physiology and forest ecosystems: proceedings of the International Conference on Impacts of Global Change on Tree Physiology and Forest Ecosystems,held on 26-29 Nov 1996, Wageningen, The Netherlands | |
| 260 |
_aDodrecht _bKluwer Academic pub _c1997 |
||
| 700 | _aMohren, G M J | ||
| 942 | _cBK | ||
| 999 |
_c41553 _d41553 |
||